[Event "Dindigul Cities-ch"]
[Site "Dindigul"]
[Date "2014.06.17"]
[Round "2.2"]
[White "Hariharan, M."]
[Black "Laxman, Rajaram"]
[Result "0-1"]
[WhiteElo "1503"]
[BlackElo "2447"]
[PlyCount "108"]
[EventDate "2014.06.16"]
[EventType "team-swiss"]
[EventRounds "7"]
[EventCountry "IND"]
[SourceTitle "CBM 161 Extra"]
[Source "ChessBase"]
[SourceDate "2014.08.29"]
[SourceVersion "1"]
[SourceVersionDate "2014.08.29"]
[SourceQuality "1"]
[WhiteTeam "Dindigul"]
[BlackTeam "Chennai II"]
[WhiteTeamCountry "IND"]
[BlackTeamCountry "IND"]

1. e4 e5 2. c4 Nc6 3. Nf3 Bc5 4. Nc3 d6 5. h3 a6 6. d3 Nge7 7. Be3 0-0 8. d4 exd4 9. Nxd4 Bxd4 10. Bxd4 f5 11. Be2 fxe4 12. Nxe4 Rf4 13. Bf3 Bf5 14. Be3 Rxe4 15. Bxe4 Bxe4 16. 0-0 Qd7 17. Re1 Bg6 18. Bf4 Rf8 19. Bh2 Nf5 20. Qd5+ Bf7 21. Qd3 Nfd4 22. Rac1 Bg6 23. Qd2 Qxh3 24. Qxd4 Qxh2+ 25. Kxh2 Nxd4 26. f3 Re8 27. Rxe8+ Bxe8 28. c5 dxc5 29. Rxc5 c6 30. a3 Kf7 31. Rc4 Ne6 32. g3 c5 33. b4 b5 34. Rc1 c4 35. f4 g6 36. Rd1 Ke7 37. Kg2 Bc6+ 38. Kf2 Be4 39. Re1 Bf5 40. Kf3 h5 41. Ke3 c3 42. Rc1 c2 43. Ra1 Kd6 44. Re1 Kd5 45. Kd2 Nd4 46. Re3 Be4 47. Rc3 c1Q+ 48. Kxc1 Ne2+ 49. Kd2 Nxc3 50. Kxc3 Bf5 51. Kb3 Ke4 52. a4 Kf3 53. axb5 axb5 54. Kc3 Kxg3 0-1